00230nam a2200109Ia 4500100002100000654001600021245002800037260002000065082001500085300000800100546001200108 aStizaker/ David  amathematics aElementary Probability bCambridgec1994 a519.2bSTI a373 aENGLISH